2014 Champions League Final Real Madrid - Atletico Madrid - Statistics

General Stats
  • This quiz has been taken 1,706 times
  • The average score is 21 of 30
Answer Stats
Answer % Correct
Cristiano Ronaldo ¹
98%
Karim Benzema
98%
Sergio Ramos ¹
98%
Gareth Bale ¹
97%
Luka Modrić
96%
Iker Casillas
94%
Daniel Carvajal
93%
Marcelo ¹
89%
Diego Godín ¹
85%
Raphaël Varane
85%
Koke
84%
Diego Simeone
81%
Thibaut Courtois
81%
Carlo Ancelotti
80%
Juanfran
74%
Ángel Di María
72%
Diego Costa
71%
Fábio Coentrão
71%
Sami Khedira
69%
Filipe Luís
67%
Gabi
65%
Isco
61%
Miranda
50%
Álvaro Morata
48%
David Villa
43%
Tiago
40%
Raúl García
24%
Adrián
17%
Toby Alderweireld
14%
José Sosa
8%
No matching quizzes found
Score Distribution
Percent of People with Each Score
Percentile by Number Answered
Your Score History
You have not taken this quiz